[Event "MCR druzstev mladsich zaku 2015"]
[Site "Hradec Kralove"]
[Date "2015.06.14"]
[Round "9.4"]
[White "Mikesch (Interchess), Dalibor"]
[Black "Krejcok (BSS F-M \"A\"), Tobias"]
[Result "0-1"]
[BlackElo "1605"]
[WhiteElo "1384"]
[LiveChessVersion "1.4.4"]

1. e4 {[%clk 0:25:17]} c5 {[%clk 0:25:18]} 2. Nf3 {[%clk 0:25:25]} Nc6
{[%clk 0:25:20]} 3. d4 {[%clk 0:25:32]} cxd4 {[%clk 0:25:17]} 4. Nxd4
{[%clk 0:25:37]} g6 {[%clk 0:25:16]} 5. Nc3 {[%clk 0:25:26]} Bg7 {[%clk 0:25:07]}
6. Nf3 {[%clk 0:25:26]} d6 {[%clk 0:24:50]} 7. Be2 {[%clk 0:25:28]} Nf6
{[%clk 0:24:55]} 8. O-O {[%clk 0:25:30]} Bd7 {[%clk 0:24:50]} 9. Bg5
{[%clk 0:25:15]} O-O {[%clk 0:24:31]} 10. Qd2 {[%clk 0:24:52]} Qa5
{[%clk 0:23:51]} 11. Bh6 {[%clk 0:24:04]} Rac8 {[%clk 0:23:20]} 12. Bxg7
{[%clk 0:22:30]} Kxg7 {[%clk 0:23:18]} 13. Rfe1 {[%clk 0:21:34]} Ne5
{[%clk 0:22:32]} 14. Nxe5 {[%clk 0:21:11]} Qxe5 {[%clk 0:22:24]} 15. Bf3
{[%clk 0:20:45]} b5 {[%clk 0:21:51]} 16. Rab1 {[%clk 0:20:27]} Qc5
{[%clk 0:21:12]} 17. Rbc1 {[%clk 0:20:08]} Be6 {[%clk 0:19:18]} 18. a3
{[%clk 0:19:19]} Rh8 {[%clk 0:18:48]} 19. Nd5 {[%clk 0:18:14]} Bxd5
{[%clk 0:18:10]} 20. exd5 {[%clk 0:18:20]} Rc7 {[%clk 0:18:08]} 21. c3
{[%clk 0:17:39]} h5 {[%clk 0:17:39]} 22. h3 {[%clk 0:17:09]} Qc4 {[%clk 0:17:24]}
23. Qg5 {[%clk 0:16:26]} Nh7 {[%clk 0:17:10]} 24. Qd2 {[%clk 0:16:24]} Nf6
{[%clk 0:15:09]} 25. Rcd1 {[%clk 0:16:09]} a5 {[%clk 0:13:49]} 26. Be2
{[%clk 0:15:53]} Qc5 {[%clk 0:13:48]} 27. Qd3 {[%clk 0:15:22]} b4
{[%clk 0:13:03]} 28. cxb4 {[%clk 0:15:05]} axb4 {[%clk 0:13:08]} 29. Rc1
{[%clk 0:14:44]} Qb6 {[%clk 0:12:59]} 30. Rxc7 {[%clk 0:14:46]} Qxc7
{[%clk 0:13:08]} 31. axb4 {[%clk 0:14:49]} Qb7 {[%clk 0:13:00]} 32. Qb5
{[%clk 0:14:47]} Qxd5 {[%clk 0:13:00]} 33. Qxd5 {[%clk 0:14:55]} Nxd5
{[%clk 0:13:08]} 34. Bf3 {[%clk 0:14:40]} Nxb4 {[%clk 0:12:53]} 35. Rxe7
{[%clk 0:14:48]} Rd8 {[%clk 0:12:49]} 36. Be2 {[%clk 0:14:45]} d5
{[%clk 0:12:46]} 37. Kf1 {[%clk 0:14:41]} Kf6 {[%clk 0:12:19]} 38. Rb7
{[%clk 0:14:45]} Nc2 {[%clk 0:12:16]} 39. Bd3 {[%clk 0:14:35]} Nd4
{[%clk 0:12:12]} 40. Ke1 {[%clk 0:14:36]} Nf5 {[%clk 0:11:46]} 41. Bxf5
{[%clk 0:14:36]} gxf5 {[%clk 0:11:52]} 42. Kd2 {[%clk 0:14:42]} d4
{[%clk 0:11:56]} 43. Kd3 {[%clk 0:14:48]} Ke6 {[%clk 0:11:54]} 44. f4
{[%clk 0:14:45]} f6 {[%clk 0:09:38]} 45. g3 {[%clk 0:14:44]} Rg8 {[%clk 0:09:36]}
46. Kxd4 {[%clk 0:14:42]} Rxg3 {[%clk 0:09:45]} 47. Rb6+ {[%clk 0:14:39]} Kf7
{[%clk 0:09:48]} 48. b4 {[%clk 0:14:42]} Rxh3 {[%clk 0:09:55]} 49. b5
{[%clk 0:14:51]} Rb3 {[%clk 0:09:55]} 50. Kc4 {[%clk 0:14:53]} Rb1
{[%clk 0:10:02]} 51. Rc6 {[%clk 0:15:01]} h4 {[%clk 0:10:06]} 52. b6
{[%clk 0:15:05]} h3 {[%clk 0:10:02]} 53. Rc7+ {[%clk 0:15:08]} Kg6
{[%clk 0:10:05]} 54. Rc8 {[%clk 0:14:40]} Rc1+ {[%clk 0:10:11]} 55. Kb5
{[%clk 0:14:21]} Rxc8 {[%clk 0:10:19]} 56. Ka6 {[%clk 0:14:30]} h2
{[%clk 0:10:27]} 57. b7 {[%clk 0:14:39]} Rh8 {[%clk 0:10:32]} 0-1

[Event "MCR druzstev mladsich zaku 2015"]
[Site "Hradec Kralove"]
[Date "2015.06.14"]
[Round "9.5"]
[White "Nytra (BSS F-M \"A\"), Ondrej"]
[Black "Lhotska (Interchess), Anna"]
[Result "1/2-1/2"]
[BlackElo "1568"]
[WhiteElo "1707"]
[LiveChessVersion "1.4.4"]

1. e4 {[%clk 0:25:18]} e5 {[%clk 0:25:18]} 2. Nf3 {[%clk 0:25:26]} Nf6
{[%clk 0:25:26]} 3. Nc3 {[%clk 0:25:32]} Bb4 {[%clk 0:25:35]} 4. Bc4
{[%clk 0:25:29]} O-O {[%clk 0:25:38]} 5. d3 {[%clk 0:25:31]} Nc6 {[%clk 0:25:34]}
6. Bg5 h6 {[%clk 0:25:33]} 7. Bh4 {[%clk 0:25:47]} Be7 {[%clk 0:25:20]} 8. O-O
{[%clk 0:25:47]} d6 {[%clk 0:25:18]} 9. h3 {[%clk 0:25:04]} Be6 {[%clk 0:25:17]}
10. Bb3 {[%clk 0:25:11]} Qd7 {[%clk 0:22:47]} 11. Ba4 {[%clk 0:23:58]} Rad8
{[%clk 0:21:45]} 12. Ne2 {[%clk 0:20:43]} a6 {[%clk 0:20:22]} 13. c4
{[%clk 0:19:54]} Rb8 {[%clk 0:18:38]} 14. Nc3 {[%clk 0:19:47]} Nh5
{[%clk 0:16:17]} 15. Bxe7 {[%clk 0:19:04]} Qxe7 {[%clk 0:16:24]} 16. Nxe5
{[%clk 0:17:20]} Nxe5 {[%clk 0:16:28]} 17. Qxh5 {[%clk 0:17:26]} Nxd3
{[%clk 0:16:18]} 18. b3 {[%clk 0:16:43]} Nc5 {[%clk 0:15:47]} 19. f4
{[%clk 0:15:59]} Kh7 {[%clk 0:14:15]} 20. f5 {[%clk 0:15:36]} g6 {[%clk 0:14:02]}
21. f6 {[%clk 0:15:02]} Qxf6 {[%clk 0:13:28]} 22. Qxh6+ {[%clk 0:15:11]} Kxh6
{[%clk 0:13:32]} 23. Rxf6 {[%clk 0:15:18]} Nxa4 {[%clk 0:13:20]} 24. Nxa4
{[%clk 0:15:24]} b5 {[%clk 0:13:22]} 25. cxb5 {[%clk 0:15:29]} Rxb5
{[%clk 0:13:21]} 26. Rc1 {[%clk 0:15:15]} Rg5 {[%clk 0:12:40]} 27. h4
{[%clk 0:15:13]} Rg4 {[%clk 0:12:32]} 28. Rxc7 {[%clk 0:15:02]} Rxe4
{[%clk 0:12:07]} 29. g3 {[%clk 0:14:43]} Rg4 {[%clk 0:11:31]} 30. Kf2
{[%clk 0:14:33]} Rd4 {[%clk 0:10:28]} 31. Ke3 {[%clk 0:13:57]} Rg4
{[%clk 0:10:12]} 32. Kf3 {[%clk 0:13:59]} Rd4 {[%clk 0:09:55]} 33. Ke3
{[%clk 0:13:43]} 1/2-1/2

[Event "MCR druzstev mladsich zaku 2015"]
[Site "Hradec Kralove"]
[Date "2015.06.14"]
[Round "9.6"]
[White "Taus (Interchess), Zdenek"]
[Black "Laurincova (BSS F-M \"A\"), Kristyna"]
[Result "0-1"]
[BlackElo "1657"]
[WhiteElo "1100"]
[LiveChessVersion "1.4.4"]

1. e4 {[%clk 0:25:18]} c5 {[%clk 0:25:19]} 2. Nf3 d6 3. c3 {[%clk 0:25:25]} g6
{[%clk 0:25:26]} 4. d4 {[%clk 0:25:30]} cxd4 {[%clk 0:25:32]} 5. cxd4
{[%clk 0:25:36]} Bg7 {[%clk 0:25:30]} 6. Bb5+ {[%clk 0:25:34]} Bd7
{[%clk 0:25:17]} 7. Bxd7+ {[%clk 0:25:39]} Qxd7 {[%clk 0:25:13]} 8. Nc3
{[%clk 0:25:38]} Nf6 {[%clk 0:24:54]} 9. O-O {[%clk 0:25:40]} O-O 10. Be3
{[%clk 0:25:42]} Nc6 {[%clk 0:24:52]} 11. Qd2 {[%clk 0:25:45]} Rfd8
{[%clk 0:24:38]} 12. Bh6 {[%clk 0:25:51]} Rac8 {[%clk 0:24:23]} 13. Bxg7
{[%clk 0:25:43]} Kxg7 {[%clk 0:24:32]} 14. Ne2 {[%clk 0:24:59]} Nxe4
{[%clk 0:24:38]} 15. Qd3 {[%clk 0:24:56]} Nf6 {[%clk 0:23:41]} 16. Nf4
{[%clk 0:24:58]} Nb4 {[%clk 0:22:58]} 17. Qb3 {[%clk 0:24:44]} Nc6
{[%clk 0:21:58]} 18. d5 {[%clk 0:24:41]} Na5 {[%clk 0:21:07]} 19. Qd3
{[%clk 0:24:37]} Nc4 {[%clk 0:20:58]} 20. Rab1 {[%clk 0:24:22]} Rc5
{[%clk 0:20:46]} 21. b3 {[%clk 0:23:50]} Ne5 {[%clk 0:19:59]} 22. Nxe5
{[%clk 0:23:38]} dxe5 {[%clk 0:20:07]} 23. Ne2 {[%clk 0:23:30]} Qxd5
{[%clk 0:19:55]} 24. Qxd5 {[%clk 0:23:26]} Rcxd5 {[%clk 0:19:57]} 25. h3
{[%clk 0:23:32]} Rd2 {[%clk 0:20:04]} 26. Nc3 {[%clk 0:23:22]} Rc8
{[%clk 0:19:59]} 27. Nb5 {[%clk 0:23:26]} a6 {[%clk 0:20:06]} 28. Rbd1
{[%clk 0:23:05]} Rxd1 {[%clk 0:20:09]} 29. Rxd1 {[%clk 0:23:11]} axb5
{[%clk 0:20:17]} 30. a4 {[%clk 0:23:12]} bxa4 {[%clk 0:20:24]} 31. bxa4
{[%clk 0:23:19]} Rc4 {[%clk 0:20:19]} 32. Ra1 {[%clk 0:23:23]} Nd5
{[%clk 0:20:17]} 33. a5 {[%clk 0:23:25]} Nc7 {[%clk 0:20:20]} 34. Ra3
{[%clk 0:23:19]} Rc1+ {[%clk 0:20:16]} 35. Kh2 {[%clk 0:23:27]} Rc5
{[%clk 0:20:19]} 36. Ra1 {[%clk 0:23:30]} Na6 {[%clk 0:20:23]} 37. Ra3
{[%clk 0:23:38]} Kf6 {[%clk 0:20:24]} 38. Ra1 {[%clk 0:23:46]} Ke6
{[%clk 0:20:32]} 39. Ra3 {[%clk 0:23:54]} Kd6 {[%clk 0:20:39]} 40. Ra1
{[%clk 0:24:02]} Kc6 {[%clk 0:20:47]} 41. Ra3 {[%clk 0:24:11]} Kb5
{[%clk 0:20:43]} 42. Ra1 {[%clk 0:24:18]} Nb4 {[%clk 0:20:42]} 43. Rd1
{[%clk 0:24:18]} Rd5 {[%clk 0:20:40]} 44. Rc1 {[%clk 0:24:25]} Nc6
{[%clk 0:20:32]} 45. Rb1+ {[%clk 0:24:23]} Nb4 {[%clk 0:20:20]} 46. Rc1
{[%clk 0:24:23]} Rd7 {[%clk 0:20:19]} 47. g3 {[%clk 0:24:29]} Kxa5
{[%clk 0:20:23]} 48. Ra1+ {[%clk 0:24:37]} Kb6 {[%clk 0:20:27]} 49. Rb1
{[%clk 0:24:42]} Rd4 {[%clk 0:20:36]} 50. f3 {[%clk 0:24:50]} Kc5
{[%clk 0:20:33]} 51. h4 {[%clk 0:24:58]} Rd2+ {[%clk 0:20:34]} 52. Kh3
{[%clk 0:25:06]} Kc4 {[%clk 0:20:30]} 53. Ra1 {[%clk 0:25:12]} Na2
{[%clk 0:20:05]} 54. Rb1 {[%clk 0:25:13]} b5 {[%clk 0:20:13]} 55. Re1
{[%clk 0:25:20]} f6 {[%clk 0:20:19]} 56. f4 {[%clk 0:25:28]} Kd5 {[%clk 0:19:32]}
57. fxe5 fxe5 58. Rb1 {[%clk 0:25:37]} b4 {[%clk 0:19:50]} 59. Rb3
{[%clk 0:25:43]} Kc4 {[%clk 0:19:54]} 60. Rf3 {[%clk 0:25:51]} b3
{[%clk 0:19:59]} 61. Rf7 {[%clk 0:26:00]} Rd7 62. Rxh7 {[%clk 0:26:05]} b2
{[%clk 0:20:05]} 63. Rh6 {[%clk 0:26:13]} b1=Q {[%clk 0:20:13]} 64. h5
{[%clk 0:26:09]} Qf5+ {[%clk 0:20:18]} 65. Kh2 {[%clk 0:26:13]} Rd2+
{[%clk 0:20:20]} 66. Kh1 {[%clk 0:26:21]} Qf1# 0-1

[Event "MCR druzstev mladsich zaku 2015"]
[Site "Hradec Kralove"]
[Date "2015.06.14"]
[Round "9.7"]
[White "Svanda (Policka), Ondrej"]
[Black "Nemec (Kurim), David"]
[Result "1/2-1/2"]
[BlackElo "1556"]
[WhiteElo "1863"]
[LiveChessVersion "1.4.4"]

1. b3 {[%clk 0:24:34]} c5 {[%clk 0:24:55]} 2. Bb2 {[%clk 0:24:43]} Nc6
{[%clk 0:25:00]} 3. e3 {[%clk 0:24:44]} d5 {[%clk 0:25:01]} 4. Be2
{[%clk 0:24:49]} Bf5 {[%clk 0:24:53]} 5. d3 {[%clk 0:24:32]} e6 {[%clk 0:24:56]}
6. Nd2 {[%clk 0:24:39]} Nf6 {[%clk 0:24:50]} 7. Ngf3 {[%clk 0:24:47]} Be7
{[%clk 0:24:48]} 8. O-O {[%clk 0:24:48]} O-O {[%clk 0:24:27]} 9. Rc1
{[%clk 0:24:38]} Rc8 {[%clk 0:23:34]} 10. Nh4 {[%clk 0:24:33]} Bg6
{[%clk 0:23:11]} 11. Nxg6 {[%clk 0:24:41]} hxg6 {[%clk 0:23:17]} 12. Nf3
{[%clk 0:24:32]} Qd7 {[%clk 0:22:42]} 13. Ne5 {[%clk 0:24:05]} Nxe5
{[%clk 0:21:46]} 14. Bxe5 {[%clk 0:24:10]} b5 {[%clk 0:21:11]} 15. c4
{[%clk 0:22:26]} dxc4 {[%clk 0:19:54]} 16. dxc4 {[%clk 0:22:24]} Qxd1
{[%clk 0:16:52]} 17. Rfxd1 {[%clk 0:22:33]} b4 {[%clk 0:16:27]} 18. Bf3
{[%clk 0:22:40]} Rcd8 {[%clk 0:14:41]} 19. Kf1 {[%clk 0:22:48]} Rxd1+
{[%clk 0:10:55]} 20. Rxd1 {[%clk 0:22:57]} Rd8 {[%clk 0:11:04]} 21. Rxd8+
{[%clk 0:22:35]} Bxd8 {[%clk 0:11:09]} 22. Bd6 {[%clk 0:22:38]} Bb6
{[%clk 0:11:14]} 23. Ke2 {[%clk 0:22:21]} Ne8 {[%clk 0:11:02]} 24. Be5
{[%clk 0:21:56]} f6 {[%clk 0:10:06]} 25. Bg3 {[%clk 0:21:50]} Kf7
{[%clk 0:09:47]} 26. Kd3 {[%clk 0:21:47]} Bc7 {[%clk 0:09:51]} 27. Bc6
{[%clk 0:20:22]} Bxg3 {[%clk 0:09:58]} 28. Bxe8+ {[%clk 0:20:31]} Kxe8
{[%clk 0:10:07]} 29. hxg3 {[%clk 0:20:36]} Kd7 {[%clk 0:10:15]} 30. Ke4
{[%clk 0:20:42]} Kd6 {[%clk 0:10:14]} 31. g4 {[%clk 0:20:07]} g5 {[%clk 0:09:27]}
32. g3 {[%clk 0:19:31]} g6 {[%clk 0:09:12]} 33. f4 {[%clk 0:18:32]} gxf4
{[%clk 0:08:22]} 34. gxf4 {[%clk 0:15:39]} f5+ {[%clk 0:08:30]} 35. Kf3
{[%clk 0:14:15]} Ke7 {[%clk 0:08:33]} 36. e4 {[%clk 0:13:00]} Kf6
{[%clk 0:08:31]} 37. exf5 {[%clk 0:12:33]} exf5 {[%clk 0:08:38]} 38. gxf5
{[%clk 0:12:06]} gxf5 {[%clk 0:08:46]} 39. Kg3 {[%clk 0:11:59]} Kg6
{[%clk 0:08:55]} 40. Kf3 {[%clk 0:12:02]} Kf6 {[%clk 0:09:05]} 41. Kg3
{[%clk 0:12:07]} Kg6 {[%clk 0:09:14]} 1/2-1/2

[Event "MCR druzstev mladsich zaku 2015"]
[Site "Hradec Kralove"]
[Date "2015.06.14"]
[Round "9.8"]
[White "Tajovsky (Kurim), Matej"]
[Black "Pavlicek (Policka), Lukas"]
[Result "1-0"]
[BlackElo "1563"]
[WhiteElo "1643"]
[LiveChessVersion "1.4.4"]

1. e4 {[%clk 0:25:12]} e6 {[%clk 0:25:19]} 2. d4 {[%clk 0:25:12]} d5
{[%clk 0:25:26]} 3. exd5 {[%clk 0:25:14]} exd5 {[%clk 0:25:34]} 4. c4
{[%clk 0:25:21]} Nf6 {[%clk 0:25:22]} 5. Nf3 {[%clk 0:25:27]} Bd6
{[%clk 0:25:03]} 6. Nc3 {[%clk 0:25:23]} c6 {[%clk 0:24:25]} 7. Be2
{[%clk 0:25:24]} O-O {[%clk 0:24:21]} 8. O-O {[%clk 0:25:30]} h6 {[%clk 0:23:23]}
9. h3 {[%clk 0:25:08]} Bf5 {[%clk 0:22:32]} 10. Be3 {[%clk 0:24:50]} Nbd7
{[%clk 0:21:51]} 11. Qd2 {[%clk 0:24:05]} Bg6 {[%clk 0:20:22]} 12. cxd5
{[%clk 0:23:06]} cxd5 {[%clk 0:20:17]} 13. Nh4 {[%clk 0:22:17]} Bh7
{[%clk 0:19:01]} 14. Bd3 {[%clk 0:21:08]} Bxd3 {[%clk 0:18:31]} 15. Qxd3
{[%clk 0:20:56]} Bb4 {[%clk 0:17:16]} 16. Ne2 {[%clk 0:20:05]} Nb6
{[%clk 0:15:41]} 17. b3 {[%clk 0:19:25]} Rc8 {[%clk 0:13:27]} 18. a3
{[%clk 0:18:39]} Bd6 {[%clk 0:12:55]} 19. f3 {[%clk 0:17:50]} Re8
{[%clk 0:10:51]} 20. Qd2 {[%clk 0:16:16]} Qe7 {[%clk 0:09:30]} 21. Nf5
{[%clk 0:15:16]} Qe6 {[%clk 0:09:03]} 22. g4 {[%clk 0:13:15]} Nh7
{[%clk 0:03:32]} 23. Rae1 {[%clk 0:10:41]} Nd7 {[%clk 0:01:30]} 24. Nf4
{[%clk 0:10:01]} Bxf4 {[%clk 0:00:52]} 25. Bxf4 {[%clk 0:09:56]} Qf6
{[%clk 0:00:43]} 26. Nd6 {[%clk 0:08:45]} Rxe1 {[%clk 0:00:49]} 27. Rxe1
{[%clk 0:08:54]} Rf8 {[%clk 0:00:49]} 28. Nf5 {[%clk 0:07:58]} Ng5
{[%clk 0:00:26]} 29. Kg2 {[%clk 0:07:35]} Kh8 {[%clk 0:00:21]} 30. Ne7
{[%clk 0:07:08]} Nb6 {[%clk 0:00:24]} 31. Qe3 {[%clk 0:05:59]} Qe6
{[%clk 0:00:22]} 32. Qf2 {[%clk 0:05:38]} Qf6 {[%clk 0:00:26]} 33. Be5
{[%clk 0:05:38]} Qxe7 {[%clk 0:00:14]} 34. Bxg7+ {[%clk 0:05:46]} Kxg7
{[%clk 0:00:22]} 35. Rxe7 {[%clk 0:05:54]} 1-0

[Event "MCR druzstev mladsich zaku 2015"]
[Site "Hradec Kralove"]
[Date "2015.06.14"]
[Round "9.9"]
[White "Zeman (Policka), Daniel"]
[Black "Richterova (Kurim), Julie"]
[Result "1/2-1/2"]
[BlackElo "1422"]
[WhiteElo "1574"]
[LiveChessVersion "1.4.4"]

1. e4 {[%clk 0:25:18]} d5 {[%clk 0:25:19]} 2. exd5 {[%clk 0:25:25]} Qxd5
{[%clk 0:25:28]} 3. Nc3 {[%clk 0:25:31]} Qd6 {[%clk 0:25:36]} 4. Nf3
{[%clk 0:25:35]} c6 {[%clk 0:25:44]} 5. d4 {[%clk 0:24:26]} Bg4 {[%clk 0:25:49]}
6. Be2 {[%clk 0:24:15]} Nf6 {[%clk 0:25:51]} 7. Be3 {[%clk 0:23:58]} e6
{[%clk 0:25:33]} 8. Ne5 {[%clk 0:20:56]} Bxe2 {[%clk 0:25:22]} 9. Qxe2
{[%clk 0:21:02]} Qc7 {[%clk 0:24:43]} 10. Bf4 {[%clk 0:15:08]} Bd6
{[%clk 0:23:59]} 11. Ne4 {[%clk 0:14:23]} Nxe4 {[%clk 0:20:31]} 12. Qxe4
{[%clk 0:14:31]} Nd7 {[%clk 0:19:21]} 13. Nd3 {[%clk 0:13:41]} Bxf4
{[%clk 0:18:41]} 14. Qxf4 {[%clk 0:13:21]} Qxf4 {[%clk 0:17:46]} 15. Nxf4
{[%clk 0:13:29]} Nf6 {[%clk 0:17:48]} 16. f3 {[%clk 0:11:47]} Nd5
{[%clk 0:17:01]} 17. Nxd5 {[%clk 0:11:55]} exd5 {[%clk 0:17:01]} 18. O-O-O
{[%clk 0:10:52]} O-O {[%clk 0:15:46]} 19. Rhe1 {[%clk 0:10:19]} Rfe8
{[%clk 0:15:34]} 20. Kd2 {[%clk 0:10:04]} Kf8 {[%clk 0:13:50]} 21. Re2
{[%clk 0:05:53]} Rxe2+ {[%clk 0:13:42]} 22. Kxe2 {[%clk 0:06:02]} Re8+
{[%clk 0:13:50]} 23. Kf2 {[%clk 0:06:11]} Ke7 {[%clk 0:12:25]} 24. Re1+
{[%clk 0:05:55]} Kd7 {[%clk 0:12:28]} 25. Rxe8 {[%clk 0:05:40]} Kxe8
{[%clk 0:12:37]} 26. Ke3 {[%clk 0:05:49]} Ke7 {[%clk 0:12:43]} 27. Kf4
{[%clk 0:05:55]} Kd6 {[%clk 0:12:35]} 28. Kf5 {[%clk 0:05:27]} f6
{[%clk 0:12:17]} 29. h4 {[%clk 0:04:42]} Ke7 {[%clk 0:11:12]} 30. h5
{[%clk 0:04:18]} Kf7 {[%clk 0:10:51]} 31. g4 {[%clk 0:03:14]} g6+
{[%clk 0:10:06]} 32. hxg6+ {[%clk 0:03:22]} hxg6+ {[%clk 0:10:15]} 33. Kf4
{[%clk 0:03:30]} Ke6 {[%clk 0:09:54]} 34. g5 {[%clk 0:03:08]} f5 {[%clk 0:09:51]}
35. Ke3 {[%clk 0:03:17]} Kd6 {[%clk 0:09:50]} 36. f4 {[%clk 0:03:15]} Ke6
{[%clk 0:09:42]} 37. Kd3 {[%clk 0:03:11]} Kd6 {[%clk 0:09:31]} 38. Kc3
{[%clk 0:02:48]} Kc7 {[%clk 0:08:45]} 39. Kb4 {[%clk 0:02:27]} Kd6
{[%clk 0:08:48]} 40. a3 {[%clk 0:02:06]} b6 {[%clk 0:07:41]} 41. Kb3
{[%clk 0:01:26]} Kc7 {[%clk 0:07:19]} 42. Kc3 {[%clk 0:01:00]} 1/2-1/2

[Event "MCR druzstev mladsich zaku 2015"]
[Site "Hradec Kralove"]
[Date "2015.06.14"]
[Round "9.10"]
[White "Petricek (Kurim), Lukas"]
[Black "Svanda (Policka), Adam"]
[Result "0-1"]
[BlackElo "1595"]
[WhiteElo "1441"]
[LiveChessVersion "1.4.4"]

1. e4 {[%clk 0:25:19]} e6 {[%clk 0:25:13]} 2. d4 {[%clk 0:25:22]} d5
{[%clk 0:25:21]} 3. exd5 {[%clk 0:25:18]} exd5 {[%clk 0:25:30]} 4. c4
{[%clk 0:25:20]} c6 {[%clk 0:25:16]} 5. Nc3 {[%clk 0:25:23]} Nf6 {[%clk 0:25:24]}
6. Bf4 {[%clk 0:24:58]} Bd6 {[%clk 0:24:50]} 7. Bg5 {[%clk 0:24:47]} Be6
{[%clk 0:24:42]} 8. b3 {[%clk 0:24:17]} O-O {[%clk 0:24:40]} 9. Be2
{[%clk 0:24:25]} Nbd7 {[%clk 0:24:38]} 10. Nf3 {[%clk 0:24:18]} Bb4
{[%clk 0:24:33]} 11. Bd2 {[%clk 0:23:52]} Qa5 {[%clk 0:24:30]} 12. Qc2
{[%clk 0:23:39]} dxc4 {[%clk 0:19:50]} 13. bxc4 {[%clk 0:23:20]} Rfe8
{[%clk 0:18:44]} 14. O-O {[%clk 0:23:06]} Bxc3 {[%clk 0:17:26]} 15. Bxc3
{[%clk 0:22:50]} Bf5 {[%clk 0:16:53]} 16. Bd3 {[%clk 0:22:07]} Bxd3
{[%clk 0:16:19]} 17. Qxd3 {[%clk 0:22:11]} Qa3 {[%clk 0:16:16]} 18. Nd2
{[%clk 0:20:32]} Rad8 {[%clk 0:15:45]} 19. Qc2 {[%clk 0:20:32]} Qd6
{[%clk 0:14:56]} 20. Rad1 {[%clk 0:20:14]} Ng4 {[%clk 0:13:22]} 21. Nf3
{[%clk 0:20:04]} Re6 {[%clk 0:11:37]} 22. h3 {[%clk 0:20:00]} Ngf6
{[%clk 0:10:53]} 23. Ng5 {[%clk 0:19:35]} Ree8 {[%clk 0:10:39]} 24. Qb3
{[%clk 0:19:11]} h6 {[%clk 0:10:34]} 25. c5 {[%clk 0:18:49]} Qd5 {[%clk 0:10:40]}
26. Nf3 {[%clk 0:18:38]} Qxb3 {[%clk 0:08:21]} 27. axb3 Nd5 {[%clk 0:08:30]} 28.
Bb2 {[%clk 0:18:50]} N7f6 {[%clk 0:08:39]} 29. Rfe1 {[%clk 0:18:50]} Rxe1+
{[%clk 0:07:48]} 30. Rxe1 {[%clk 0:18:57]} Ne8 {[%clk 0:07:47]} 31. Ra1
{[%clk 0:18:43]} a6 {[%clk 0:07:54]} 32. Re1 {[%clk 0:18:48]} Nec7
{[%clk 0:07:49]} 33. Nd2 {[%clk 0:18:04]} Nb5 {[%clk 0:07:08]} 34. Nf3
{[%clk 0:17:27]} Kf8 {[%clk 0:06:34]} 35. Ne5 {[%clk 0:16:41]} f6
{[%clk 0:06:33]} 36. Nf3 {[%clk 0:16:22]} Kf7 {[%clk 0:05:56]} 37. g3
{[%clk 0:16:29]} Ndc7 {[%clk 0:05:32]} 38. Kg2 {[%clk 0:16:29]} Ne6
{[%clk 0:05:32]} 39. Rd1 {[%clk 0:16:28]} Nxc5 {[%clk 0:05:37]} 40. b4
{[%clk 0:15:04]} Na4 {[%clk 0:04:53]} 41. Ba1 {[%clk 0:15:10]} Nac3
{[%clk 0:04:58]} 42. Bxc3 {[%clk 0:14:37]} Nxc3 {[%clk 0:05:03]} 43. Rd3
{[%clk 0:14:37]} Nd5 {[%clk 0:05:01]} 44. Rb3 {[%clk 0:14:42]} Nb6
{[%clk 0:04:53]} 45. Rd3 {[%clk 0:14:40]} Rd5 {[%clk 0:04:55]} 46. Ne1
{[%clk 0:14:44]} Rb5 {[%clk 0:04:56]} 47. Nc2 {[%clk 0:14:52]} Nd5
{[%clk 0:04:53]} 0-1

[Event "MCR druzstev mladsich zaku 2015"]
[Site "Hradec Kralove"]
[Date "2015.06.14"]
[Round "9.11"]
[White "Malkova (Policka), Barbora"]
[Black "Kriz (Kurim), Tomas"]
[Result "0-1"]
[BlackElo "1477"]
[WhiteElo "1350"]
[LiveChessVersion "1.4.4"]

1. d4 {[%clk 0:25:18]} d5 {[%clk 0:25:15]} 2. e3 {[%clk 0:25:23]} Nf6
{[%clk 0:25:12]} 3. Bd3 {[%clk 0:25:29]} e6 {[%clk 0:24:38]} 4. c4
{[%clk 0:25:33]} c6 {[%clk 0:24:10]} 5. Nc3 {[%clk 0:25:33]} Bd6 {[%clk 0:23:16]}
6. f4 {[%clk 0:25:26]} c5 {[%clk 0:21:34]} 7. Nf3 {[%clk 0:25:26]} Nc6
{[%clk 0:20:51]} 8. O-O {[%clk 0:25:19]} cxd4 {[%clk 0:19:45]} 9. exd4
{[%clk 0:25:23]} dxc4 {[%clk 0:19:13]} 10. Bxc4 {[%clk 0:25:26]} Ne7
{[%clk 0:15:50]} 11. Be3 {[%clk 0:23:03]} Bc7 {[%clk 0:12:19]} 12. h3
{[%clk 0:22:02]} O-O {[%clk 0:12:16]} 13. Bd3 {[%clk 0:21:20]} Bb6
{[%clk 0:12:05]} 14. Bc2 {[%clk 0:18:57]} Ned5 {[%clk 0:11:46]} 15. Nxd5
{[%clk 0:17:44]} Nxd5 {[%clk 0:11:50]} 16. Re1 {[%clk 0:16:48]} Bd7
{[%clk 0:11:29]} 17. Bxh7+ {[%clk 0:16:35]} Kxh7 {[%clk 0:08:42]} 18. Ng5+
{[%clk 0:16:43]} Kg8 {[%clk 0:08:51]} 19. Qh5 {[%clk 0:16:51]} Nf6
{[%clk 0:09:00]} 20. Qh4 {[%clk 0:16:41]} Bc6 {[%clk 0:08:25]} 21. Rf1
{[%clk 0:16:22]} Bxd4 {[%clk 0:07:38]} 22. Qg3 {[%clk 0:15:13]} Ne4
{[%clk 0:07:16]} 23. Nxe4 {[%clk 0:14:30]} Bxe4 {[%clk 0:07:24]} 24. Rad1
{[%clk 0:14:05]} Bxe3+ {[%clk 0:07:15]} 25. Qxe3 {[%clk 0:14:05]} Bd5
{[%clk 0:07:24]} 26. Qc3 {[%clk 0:12:25]} Qb6+ {[%clk 0:07:13]} 27. Kh1
{[%clk 0:11:56]} Qc6 {[%clk 0:07:22]} 28. Qd2 {[%clk 0:11:38]} Rfd8
{[%clk 0:07:13]} 29. Qe2 {[%clk 0:11:17]} Bc4 {[%clk 0:06:57]} 30. Qc2
{[%clk 0:09:59]} Bxf1 {[%clk 0:06:44]} 31. Qxc6 {[%clk 0:09:42]} bxc6
{[%clk 0:06:52]} 32. Rxf1 {[%clk 0:09:45]} Rd2 {[%clk 0:07:02]} 33. f5
{[%clk 0:09:44]} exf5 {[%clk 0:07:09]} 34. Rxf5 {[%clk 0:09:48]} Rxb2
{[%clk 0:07:18]} 35. a4 {[%clk 0:09:28]} Ra2 {[%clk 0:07:08]} 36. Rf4
{[%clk 0:09:18]} Rd8 {[%clk 0:07:12]} 37. Re4 {[%clk 0:08:40]} c5
{[%clk 0:07:13]} 38. Rc4 {[%clk 0:08:20]} Rd4 {[%clk 0:07:21]} 39. Rxc5
{[%clk 0:08:23]} Rdxa4 {[%clk 0:07:29]} 40. Rc8+ {[%clk 0:08:28]} Kh7
{[%clk 0:07:37]} 41. Rc5 {[%clk 0:08:20]} Rd4 {[%clk 0:07:38]} 42. Rh5+
{[%clk 0:08:19]} Kg6 {[%clk 0:07:47]} 43. Re5 {[%clk 0:08:20]} Rdd2
{[%clk 0:07:53]} 44. Kg1 {[%clk 0:07:56]} Rxg2+ {[%clk 0:08:02]} 45. Kf1
{[%clk 0:08:02]} Rh2 {[%clk 0:08:11]} 46. Kg1 {[%clk 0:08:08]} Rxh3
{[%clk 0:08:18]} 47. Re1 {[%clk 0:08:05]} Rhh2 {[%clk 0:08:11]} 48. Rc1
{[%clk 0:07:54]} Rag2+ {[%clk 0:08:19]} 49. Kf1 {[%clk 0:08:01]} Rh1+
{[%clk 0:08:28]} 50. Kxg2 {[%clk 0:08:06]} Rxc1 {[%clk 0:08:36]} 51. Kf3
{[%clk 0:08:14]} Rc4 {[%clk 0:08:45]} 52. Ke3 {[%clk 0:08:21]} Kf5
{[%clk 0:08:54]} 53. Kd3 {[%clk 0:08:29]} Rh4 {[%clk 0:09:03]} 54. Ke3 a6 55. Kd3
{[%clk 0:08:41]} Ke5 {[%clk 0:09:22]} 56. Kc3 {[%clk 0:08:49]} Kd5
{[%clk 0:09:32]} 57. Kb3 {[%clk 0:08:58]} Kc5 {[%clk 0:09:41]} 58. Ka3
{[%clk 0:09:05]} Kb5 {[%clk 0:09:50]} 59. Kb3 {[%clk 0:09:12]} Rh3+
{[%clk 0:09:59]} 60. Kc2 {[%clk 0:09:19]} Kb4 {[%clk 0:10:09]} 61. Kd2
{[%clk 0:09:26]} Kc4 {[%clk 0:10:18]} 62. Ke2 {[%clk 0:09:32]} Kd4
{[%clk 0:10:27]} 63. Kf2 {[%clk 0:09:41]} Ra3 {[%clk 0:10:35]} 64. Ke2
{[%clk 0:09:46]} f5 {[%clk 0:10:44]} 65. Kf2 {[%clk 0:09:53]} Ke4
{[%clk 0:10:53]} 66. Kg2 {[%clk 0:10:00]} Kf4 {[%clk 0:11:03]} 67. Kh2
{[%clk 0:10:08]} Kg4 {[%clk 0:11:12]} 68. Kg2 {[%clk 0:10:14]} Ra2+
{[%clk 0:11:22]} 0-1